[Event "Titled Tuesday intern op 23rd Apr Late"]
[Site "Chess.com INT"]
[Date "2024.04.23"]
[Round "2"]
[White "Melkumyan, Hrant"]
[Black "Pinheiro, Iung Alicio"]
[Result "1-0"]
[WhiteElo "2640"]
[BlackElo "2270"]
[PlyCount "133"]
[EventDate "2024.04.23"]
[EventType "swiss (blitz)"]
[EventRounds "11"]
[EventCountry "USA"]
[SourceTitle "CB18_2024"]
[SourceDate "2024.05.01"]
[SourceVersion "1"]
[SourceVersionDate "2024.05.01"]
[SourceQuality "2"]

1. d4 Nf6 2. c4 g6 3. Nc3 Bg7 4. e4 d6 5. Be2 Na6 6. h4 h6 7. Be3 c6 8. Qd2 Nc7 9. f3 Rb8 10. a4 a5 11. Nh3 Na6 12. Nf2 Nb4 13. Rd1 Nd7 14. Ng4 h5 15. Nf2 Qc7 16. 0-0 e5 17. d5 Nc5 18. dxc6 bxc6 19. Qxd6 Qxd6 20. Rxd6 Ne6 21. Rfd1 Bf6 22. g3 Nc2 23. Ba7 Ra8 24. Bb6 Rb8 25. Bxa5 Be7 26. Rxc6 Ncd4 27. Rb6 Nxe2+ 28. Nxe2 Ra8 29. b4 Bd7 30. Nc3 Nd4 31. Nd5 Bd8 32. Nf6+ Ke7 33. Nxd7 Kxd7 34. Rb7+ Kc6 35. Rxf7 Bxa5 36. bxa5 Rxa5 37. Nd3 Re8 38. Nxe5+ Rexe5 39. Rxd4 Rxa4 40. Kg2 Kc5 41. Rd5+ Rxd5 42. cxd5 Kd6 43. Kh3 Ke5 44. g4 hxg4+ 45. Kxg4 Ra1 46. Kg5 Rg1+ 47. Kh6 Rg3 48. Kg7 Rh3 49. Re7+ Kd6 50. Re6+ Kd7 51. Kxg6 Rxh4 52. Kg5 Rh3 53. f4 Rh1 54. f5 Rg1+ 55. Kf6 Rh1 56. Ke5 Rh8 57. Rd6+ Ke7 58. Ra6 Rh1 59. Ra7+ Kd8 60. Ke6 Rh6+ 61. f6 Kc8 62. d6 Kb8 63. Rg7 Rh8 64. e5 Re8+ 65. Re7 Rh8 66. f7 Rh6+ 67. Kd5 1-0

[Event "Titled Tuesday intern op 16th Apr Early"]
[Site "Chess.com INT"]
[Date "2024.04.16"]
[Round "4"]
[White "Hong, Andrew Z"]
[Black "Pinheiro, Iung Alicio"]
[Result "1-0"]
[WhiteElo "2542"]
[BlackElo "2270"]
[PlyCount "113"]
[EventDate "2024.04.16"]
[EventType "swiss (blitz)"]
[EventRounds "11"]
[EventCountry "USA"]
[SourceTitle "CB17_2024"]
[SourceDate "2024.04.24"]
[SourceVersion "1"]
[SourceVersionDate "2024.04.24"]
[SourceQuality "1"]

1. d4 Nf6 2. Nc3 d5 3. Bf4 g6 4. Nb5 Na6 5. e3 Bg7 6. Nc3 0-0 7. Bxa6 bxa6 8. Nf3 c5 9. dxc5 Qa5 10. Be5 Qxc5 11. 0-0 Rd8 12. Qd4 Qc6 13. h3 Bf5 14. Rac1 Bf8 15. Bxf6 exf6 16. Qa4 Qb7 17. Qb3 Rab8 18. Nd4 Be6 19. Qxb7 Rxb7 20. Na4 Rc8 21. b3 Bd7 22. Nb2 Ba3 23. Rb1 Rbc7 24. Rfd1 Bc5 25. c4 dxc4 26. Nxc4 Bb5 27. Nd2 Bxd4 28. exd4 Rc2 29. Ne4 Be2 30. Rd2 Rxd2 31. Nxd2 Rd8 32. Re1 Bd3 33. Nf3 Kf8 34. Re3 Bb1 35. Re2 Bd3 36. Rd2 Be4 37. Ne1 Ke7 38. f3 Bd5 39. Kf2 Kd6 40. Nc2 a5 41. Ne3 Rc8 42. Rc2 Rb8 43. Rc5 Bc6 44. Rxa5 Rb7 45. Ra6 Kd7 46. d5 Bb5 47. Rxf6 Ke7 48. Rf4 f5 49. Rb4 Kd6 50. a4 Ba6 51. Rxb7 Bxb7 52. f4 Kc5 53. Ke2 Kb4 54. d6 Bc6 55. Nc4 Kxb3 56. Na5+ Kxa4 57. Nxc6 1-0

[Event "Titled Tuesday intern op 16th Apr Early"]
[Site "Chess.com INT"]
[Date "2024.04.16"]
[Round "5"]
[White "Pinheiro, Iung Alicio"]
[Black "Dovgaliuk, Oleksandr"]
[Result "1/2-1/2"]
[WhiteElo "2270"]
[BlackElo "2032"]
[PlyCount "145"]
[EventDate "2024.04.16"]
[EventType "swiss (blitz)"]
[EventRounds "11"]
[EventCountry "USA"]
[SourceTitle "CB17_2024"]
[SourceDate "2024.04.24"]
[SourceVersion "1"]
[SourceVersionDate "2024.04.24"]
[SourceQuality "1"]

1. e4 c6 2. d4 d5 3. exd5 cxd5 4. Bd3 Nc6 5. c3 Nf6 6. Bf4 Qb6 7. Qb3 g6 8. Na3 Nh5 9. Be3 Nf6 10. Bf4 Nh5 11. Qxb6 axb6 12. Bc7 e5 13. Nb5 Nf4 14. Bf1 Ne6 15. Bxe5 Nxe5 16. dxe5 Bg7 17. Nf3 0-0 18. a3 Bd7 19. 0-0-0 Bc6 20. Kb1 Nc5 21. Be2 Ne4 22. Rhf1 Ra5 23. Nbd4 Re8 24. Bd3 Bxe5 25. Nxe5 Rxe5 26. f3 Nc5 27. b4 Rxa3 28. bxc5 bxc5 29. Nxc6 bxc6 30. Kb2 Ra7 31. Rfe1 Rg5 32. g4 c4 33. Bc2 Rb7+ 34. Kc1 f6 35. h4 Re5 36. f4 Rxe1 37. Rxe1 Kf7 38. h5 Ra7 39. g5 Ra1+ 40. Bb1 Ra3 41. Kd2 c5 42. h6 d4 43. Rc1 d3 44. Re1 Rb3 45. Rc1 Rb2+ 46. Ke3 Re2+ 47. Kf3 fxg5 48. fxg5 Ke6 49. Rf1 Rh2 50. Kg3 Re2 51. Rd1 Ke5 52. Bxd3 cxd3 53. Rxd3 Rc2 54. Rd7 Rxc3+ 55. Kg4 Rc4+ 56. Kg3 Rc3+ 57. Kh4 Kf5 58. Rf7+ Ke6 59. Rxh7 Rc1 60. Rg7 Rh1+ 61. Kg4 Rg1+ 62. Kf4 Rf1+ 63. Ke4 Re1+ 64. Kd3 Kf5 65. h7 Rh1 66. Kc4 Kxg5 67. Kxc5 Kf6 68. Rb7 g5 69. Kd4 Kg6 70. Ke4 Rxh7 71. Rxh7 Kxh7 72. Kf5 g4 73. Kxg4 1/2-1/2

[Event "Titled Tuesday intern op 16th Apr Late"]
[Site "Chess.com INT"]
[Date "2024.04.16"]
[Round "11"]
[White "Pinheiro, Iung Alicio"]
[Black "Estrada Nieto, Julian"]
[Result "1-0"]
[WhiteElo "2270"]
[BlackElo "2195"]
[PlyCount "227"]
[EventDate "2024.04.16"]
[EventType "swiss (blitz)"]
[EventRounds "11"]
[EventCountry "USA"]
[SourceTitle "CB17_2024"]
[SourceDate "2024.04.24"]
[SourceVersion "1"]
[SourceVersionDate "2024.04.24"]
[SourceQuality "1"]

1. e4 e5 2. Nf3 Nc6 3. Nc3 Nf6 4. h3 g6 5. d4 exd4 6. Nxd4 Bg7 7. Nxc6 bxc6 8. Bd3 0-0 9. 0-0 d6 10. f4 Rb8 11. Rb1 Nh5 12. Bd2 Bd4+ 13. Kh2 Re8 14. Qf3 Qh4 15. b3 Nf6 16. Be1 Qh6 17. Ne2 Bb6 18. f5 gxf5 19. exf5 Re3 20. Qf4 Qg7 21. Bh4 Bd7 22. Qg5 Ne8 23. f6 Qxg5 24. Bxg5 Re5 25. h4 d5 26. Nf4 Nd6 27. Rbe1 Rbe8 28. Rxe5 Rxe5 29. Ne2 Bf5 30. Ng3 Bxd3 31. cxd3 Be3 32. Bxe3 Rxe3 33. d4 Ne4 34. Nf5 Rd3 35. Ne7+ Kf8 36. Nxc6 Ke8 37. Rf5 Kd7 38. Nb4 Rxd4 39. Nxd5 Ke6 40. Ne3 Rd3 41. Rf3 Ke5 42. Ng4+ Kd4 43. Rxd3+ Kxd3 44. Kh3 h5 45. Ne5+ Kd4 46. Nxf7 Nxf6 47. Ng5 Kc3 48. Ne6 c6 49. Nd8 c5 50. Ne6 c4 51. bxc4 Kxc4 52. Kg3 a5 53. Kf4 a4 54. Kg5 Ne4+ 55. Kxh5 Nc3 56. a3 Nb5 57. g4 Nxa3 58. g5 Nb5 59. g6 Nd6 60. g7 a3 61. g8Q a2 62. Nf4+ Kd4 63. Qd5+ Ke3 64. Qxa2 Kxf4 65. Qe6 Nf5 66. Kg6 Nxh4+ 67. Kf6 Nf3 68. Qc4+ Ke3 69. Kf5 Nd4+ 70. Kg4 Ne2 71. Qb3+ Kd2 72. Qb2+ Ke3 73. Kf5 Nd4+ 74. Kg5 Nf3+ 75. Kf6 Nd4 76. Qc3+ Ke4 77. Qc4 Ke3 78. Ke5 Nf3+ 79. Kd5 Nd2 80. Qc3+ Ke2 81. Qc2 Ke3 82. Ke5 Nf3+ 83. Kd5 Kf4 84. Qe4+ Kg3 85. Qe8 Kf2 86. Ke4 Nd2+ 87. Kd3 Nf3 88. Qf7 Kg3 89. Ke3 Ng5 90. Qg6 Kg4 91. Qg7 Kf5 92. Kd3 Kf4 93. Qg6 Kg4 94. Kd4 Kf4 95. Kd5 Nf3 96. Qe4+ Kg3 97. Qh7 Kf4 98. Qf7+ Ke3 99. Qf5 Nd2 100. Qg5+ Kd3 101. Qg3+ Kc2 102. Kd4 Nb3+ 103. Ke4 Nd2+ 104. Kd5 Nb3 105. Kc4 Nd2+ 106. Kb4 Kd1 107. Qe3 Kc2 108. Qd4 Kd1 109. Kc3 Ke1 110. Qxd2+ Kf1 111. Kd3 Kg1 112. Ke3 Kh1 113. Kf3 Kg1 114. Qg2# 1-0

[Event "Titled Tuesday intern op 16th Apr Late"]
[Site "Chess.com INT"]
[Date "2024.04.16"]
[Round "6"]
[White "Pinheiro, Iung Alicio"]
[Black "Grigoriants, Sergey"]
[Result "0-1"]
[WhiteElo "2270"]
[BlackElo "2536"]
[PlyCount "58"]
[EventDate "2024.04.16"]
[EventType "swiss (blitz)"]
[EventRounds "11"]
[EventCountry "USA"]
[SourceTitle "CB17_2024"]
[SourceDate "2024.04.24"]
[SourceVersion "1"]
[SourceVersionDate "2024.04.24"]
[SourceQuality "1"]

1. e4 c5 2. Nf3 d6 3. Nc3 a6 4. a4 e6 5. Bc4 Nf6 6. e5 dxe5 7. Nxe5 Qc7 8. Qe2 Bd6 9. f4 Nc6 10. Nxc6 Qxc6 11. 0-0 0-0 12. d3 b6 13. b3 Bb7 14. Bb2 Rae8 15. Rae1 Nd5 16. Qg4 Nf6 17. Qg3 Bxf4 18. Rxf4 Nh5 19. Qg4 Nxf4 20. Ne4 Ng6 21. Qg5 f6 22. Qg3 b5 23. axb5 axb5 24. Bxb5 Qxb5 25. Nd6 Qc6 26. Nxe8 Rxe8 27. h4 Nxh4 28. Bxf6 Qxg2+ 29. Qxg2 Nxg2 0-1

[Event "Titled Tuesday intern op 16th Apr Early"]
[Site "Chess.com INT"]
[Date "2024.04.16"]
[Round "3"]
[White "Pinheiro, Iung Alicio"]
[Black "Jaque Gutierrez, Matias"]
[Result "1-0"]
[WhiteElo "2270"]
[BlackElo "2189"]
[PlyCount "67"]
[EventDate "2024.04.16"]
[EventType "swiss (blitz)"]
[EventRounds "11"]
[EventCountry "USA"]
[SourceTitle "CB17_2024"]
[SourceDate "2024.04.24"]
[SourceVersion "1"]
[SourceVersionDate "2024.04.24"]
[SourceQuality "1"]

1. e4 c5 2. Nc3 g6 3. d4 cxd4 4. Qxd4 Nf6 5. Be3 Nc6 6. Qd2 Bg7 7. f3 0-0 8. Nge2 d5 9. exd5 Nb4 10. Nf4 Bf5 11. Rc1 Rc8 12. a3 Nxc2+ 13. Rxc2 Bxc2 14. Qxc2 g5 15. Nfe2 Nxd5 16. Bxg5 Qa5 17. Bd2 Rfd8 18. g3 Nxc3 19. Nxc3 Qe5+ 20. Kf2 b5 21. Bh3 Rc7 22. Re1 Qc5+ 23. Be3 Bd4 24. Qe4 b4 25. axb4 Bxe3+ 26. Rxe3 Rd2+ 27. Ne2 Qb5 28. Bf1 Rcc2 29. Qxe7 Qb6 30. Qe8+ Kg7 31. Qe5+ Kg8 32. Kg2 Qxb4 33. Qg5+ Kf8 34. Qh6+ 1-0

[Event "Titled Tuesday intern op 16th Apr Early"]
[Site "Chess.com INT"]
[Date "2024.04.16"]
[Round "10"]
[White "Pinheiro, Iung Alicio"]
[Black "Samunenkov, Igor"]
[Result "0-1"]
[WhiteElo "2270"]
[BlackElo "2548"]
[PlyCount "136"]
[EventDate "2024.04.16"]
[EventType "swiss (blitz)"]
[EventRounds "11"]
[EventCountry "USA"]
[SourceTitle "CB17_2024"]
[SourceDate "2024.04.24"]
[SourceVersion "1"]
[SourceVersionDate "2024.04.24"]
[SourceQuality "1"]

1. e4 e5 2. Nf3 Nf6 3. Nc3 Nc6 4. h3 Bb4 5. Nd5 Nxd5 6. exd5 e4 7. dxc6 exf3 8. Qxf3 dxc6 9. Bc4 Qe7+ 10. Qe2 Qxe2+ 11. Kxe2 0-0 12. Re1 Bf5 13. c3 b5 14. cxb4 bxc4 15. d4 cxd3+ 16. Kf1 Rfb8 17. Bd2 a5 18. a3 c5 19. Bc3 axb4 20. axb4 cxb4 21. Rxa8 Rxa8 22. Bxb4 h6 23. g4 Be6 24. f3 Ra4 25. Bc3 c5 26. Kf2 c4 27. Re4 Ra1 28. Rd4 Rh1 29. Kg2 Rc1 30. h4 f6 31. h5 Kf7 32. Kg3 Rc2 33. Kf4 Re2 34. Rd6 Ke8 35. Rd4 Bf7 36. Kg3 Bg8 37. Kf4 Be6 38. Kg3 Kf7 39. Kf4 Rc2 40. Rd6 Rc1 41. Rd4 Ra1 42. Kg3 Ra7 43. Kf4 Rb7 44. Kg3 Rb5 45. Kf4 Bd5 46. Ke3 Ke6 47. Kf4 Rb6 48. Kg3 Ra6 49. Kf4 Ra1 50. Kg3 Rf1 51. Rf4 Kd7 52. Kg2 Rc1 53. Rd4 Ke6 54. Kg3 Rc2 55. Rf4 Re2 56. Rd4 Rc2 57. Rf4 Rc1 58. Rd4 Rb1 59. Kg2 Rd1 60. Kf2 Kd6 61. Kg2 Kc5 62. Kf2 Rc1 63. Ke3 Rc2 64. Kf4 Rf2 65. Kf5 Rxf3+ 66. Kg6 Rf2 67. Kxg7 Rg2 68. Kxh6 Be6 0-1

[Event "Titled Tuesday intern op 16th Apr Late"]
[Site "Chess.com INT"]
[Date "2024.04.16"]
[Round "2"]
[White "Pinheiro, Iung Alicio"]
[Black "Sjugirov, Sanan"]
[Result "0-1"]
[WhiteElo "2270"]
[BlackElo "2689"]
[PlyCount "120"]
[EventDate "2024.04.16"]
[EventType "swiss (blitz)"]
[EventRounds "11"]
[EventCountry "USA"]
[SourceTitle "CB17_2024"]
[SourceDate "2024.04.24"]
[SourceVersion "1"]
[SourceVersionDate "2024.04.24"]
[SourceQuality "1"]

1. e4 e5 2. Nf3 Nc6 3. Nc3 Nf6 4. h3 d6 5. d4 exd4 6. Nxd4 Be7 7. Nxc6 bxc6 8. Bd3 0-0 9. 0-0 Nd7 10. f4 Re8 11. Qf3 a5 12. Bd2 Nc5 13. Rae1 Nxd3 14. cxd3 Ba6 15. b3 Bf6 16. Kh1 Qd7 17. Ne2 a4 18. Bc3 Bxc3 19. Nxc3 axb3 20. axb3 Qe6 21. Rb1 Qf6 22. Ne2 Bb5 23. Ng3 Ra2 24. Nh5 Qh4 25. f5 Bxd3 26. Qxd3 Qxh5 27. f6 Qg6 28. Qf3 Qxe4 29. Qg3 Qg6 30. Qf3 Ree2 31. Rg1 gxf6 32. Qxc6 Qg3 33. Rbf1 Kf8 34. Rf3 Qg5 35. Rff1 Rac2 36. Qa8+ Kg7 37. Qf3 Re3 38. Qb7 Rcc3 39. Rf3 Rxf3 40. gxf3 Rc1 41. Rxc1 Qxc1+ 42. Kg2 Qd2+ 43. Kg3 Qe1+ 44. Kg2 Qd2+ 45. Kg3 Qc3 46. Qd5 Qe5+ 47. Qxe5 fxe5 48. Kg4 Kg6 49. h4 f5+ 50. Kg3 Kf6 51. b4 Ke6 52. b5 d5 53. h5 d4 54. Kf2 Kd5 55. Ke2 Kc5 56. Kd3 Kxb5 57. f4 exf4 58. Kxd4 c5+ 59. Kd3 c4+ 60. Kc3 Kc5 0-1

[Event "Titled Tuesday intern op 16th Apr Early"]
[Site "Chess.com INT"]
[Date "2024.04.16"]
[Round "6"]
[White "Redor, Menandro"]
[Black "Pinheiro, Iung Alicio"]
[Result "0-1"]
[WhiteElo "2032"]
[BlackElo "2270"]
[PlyCount "86"]
[EventDate "2024.04.16"]
[EventType "swiss (blitz)"]
[EventRounds "11"]
[EventCountry "USA"]
[SourceTitle "CB17_2024"]
[SourceDate "2024.04.24"]
[SourceVersion "1"]
[SourceVersionDate "2024.04.24"]
[SourceQuality "1"]

1. Nf3 d5 2. b3 Nf6 3. Bb2 Bf5 4. d3 e6 5. g3 h6 6. Bg2 Be7 7. 0-0 0-0 8. Nbd2 a5 9. a4 Na6 10. Re1 Nb4 11. c3 Na6 12. e4 Bh7 13. exd5 Nxd5 14. d4 c5 15. Qe2 cxd4 16. Nxd4 Nc5 17. Rad1 Nd3 18. Nxe6 fxe6 19. Qxe6+ Kh8 20. Bxd5 Nxb2 21. Nc4 Nxd1 22. Rxd1 Bg8 23. Qe4 Bf6 24. Ne3 Re8 25. Qf3 Bxd5 26. Nxd5 Qd6 27. Nf4 Qc6 28. Ng6+ Kh7 29. Qd3 Qe4 30. Nf8+ Kg8 31. Nd7 Qxd3 32. Rxd3 Rad8 33. Nxf6+ gxf6 34. Rf3 Kf7 35. Rf5 b6 36. Rb5 Rd6 37. b4 Re5 38. bxa5 Rxb5 39. axb5 bxa5 40. c4 Rd1+ 41. Kg2 Rc1 42. b6 Rxc4 43. b7 Rb4 0-1

[Event "Titled Tuesday intern op 16th Apr Early"]
[Site "Chess.com INT"]
[Date "2024.04.16"]
[Round "1"]
[White "Umarov, Sabir"]
[Black "Pinheiro, Iung Alicio"]
[Result "0-1"]
[WhiteElo "2364"]
[BlackElo "2270"]
[PlyCount "72"]
[EventDate "2024.04.16"]
[EventType "swiss (blitz)"]
[EventRounds "11"]
[EventCountry "USA"]
[SourceTitle "CB17_2024"]
[SourceDate "2024.04.24"]
[SourceVersion "1"]
[SourceVersionDate "2024.04.24"]
[SourceQuality "1"]

1. e4 c5 2. Nf3 Nc6 3. d4 cxd4 4. Nxd4 e5 5. Nxc6 bxc6 6. Be2 Nf6 7. Nd2 Bc5 8. 0-0 0-0 9. b3 Bd4 10. Rb1 d5 11. exd5 cxd5 12. Bb2 Bxb2 13. Rxb2 Qa5 14. c4 d4 15. b4 Qc7 16. c5 Bb7 17. Nc4 Rad8 18. Nd6 Ba8 19. Bc4 Rxd6 20. cxd6 Qxc4 21. Qa4 Qd5 22. f3 Qxd6 23. Qxa7 h5 24. b5 Rb8 25. b6 Bb7 26. a4 d3 27. a5 Nd7 28. Rd2 Bc6 29. Qc7 Qd5 30. Rfd1 e4 31. fxe4 Qxe4 32. Qg3 Qd4+ 33. Kh1 Ne5 34. Rxd3 Nxd3 35. Qxb8+ Kh7 36. Rf1 Nf2+ 0-1

[Event "Titled Tuesday intern op 02nd Apr Early"]
[Site "Chess.com INT"]
[Date "2024.04.02"]
[Round "9"]
[White "Klukin, Kirill"]
[Black "Pinheiro, Iung Alicio"]
[Result "1-0"]
[WhiteElo "2413"]
[BlackElo "2270"]
[PlyCount "91"]
[EventDate "2024.04.02"]
[EventType "swiss (blitz)"]
[EventRounds "11"]
[EventCountry "USA"]
[SourceTitle "CB15_2024"]
[SourceDate "2024.04.10"]
[SourceVersion "1"]
[SourceVersionDate "2024.04.10"]
[SourceQuality "1"]

1. c4 Nf6 2. Nc3 g6 3. g3 Bg7 4. Bg2 0-0 5. e3 e5 6. Nge2 c6 7. d4 d6 8. 0-0 Qe7 9. b4 e4 10. a4 h5 11. b5 Bg4 12. Qc2 Re8 13. Ba3 Nbd7 14. bxc6 bxc6 15. Rab1 Nf8 16. Rb2 Rad8 17. Rfb1 Bc8 18. Rb8 N8h7 19. a5 Ng5 20. Qa4 Nf3+ 21. Kh1 Ng4 22. Nd1 Ngxh2 23. Qxc6 h4 24. R1b5 hxg3 25. fxg3 Bd7 26. Qc7 Bf6 27. Bxd6 Qe6 28. Nf2 Bxb5 29. Rxb5 Qxd6 30. Qxd6 Rxd6 31. Nf4 Rdd8 32. Nd5 Bg7 33. Rb7 Rb8 34. a6 Rxb7 35. axb7 Rb8 36. Nxe4 Rxb7 37. Bxf3 Nxf3 38. c5 a5 39. c6 Rb1+ 40. Kg2 Ne1+ 41. Kh3 Rc1 42. Nc5 Nf3 43. c7 Ng5+ 44. Kg2 Rc2+ 45. Kf1 Rxc5 46. dxc5 1-0

[Event "Titled Tuesday intern op 02nd Apr Early"]
[Site "Chess.com INT"]
[Date "2024.04.02"]
[Round "7"]
[White "Pinheiro, Iung Alicio"]
[Black "Gao, Rui"]
[Result "1-0"]
[WhiteElo "2270"]
[BlackElo "2534"]
[PlyCount "85"]
[EventDate "2024.04.02"]
[EventType "swiss (blitz)"]
[EventRounds "11"]
[EventCountry "USA"]
[SourceTitle "CB15_2024"]
[SourceDate "2024.04.10"]
[SourceVersion "1"]
[SourceVersionDate "2024.04.10"]
[SourceQuality "1"]

1. e4 e6 2. d4 d5 3. Nd2 c5 4. exd5 Qxd5 5. Ngf3 cxd4 6. Bc4 Qd6 7. 0-0 Nc6 8. Nb3 Nf6 9. Qe2 a6 10. a4 Qc7 11. Rd1 Be7 12. Nbxd4 Nxd4 13. Rxd4 0-0 14. Bf4 Qc5 15. Rad1 b5 16. axb5 axb5 17. Bxb5 Bb7 18. Bd3 Nd5 19. Be5 Bf6 20. Qe4 g6 21. Bxf6 Nxf6 22. Qxb7 Rfb8 23. Rc4 Rxb7 24. Rxc5 Rxb2 25. h3 Ra7 26. Ne5 Kg7 27. Nc4 Rba2 28. Ne3 h5 29. g4 hxg4 30. hxg4 Nd7 31. Rb5 Rc7 32. g5 Nc5 33. Kg2 Nxd3 34. Rxd3 Ra4 35. Kg3 Re4 36. c3 Ra7 37. Ng4 Ra1 38. Nf6 Rg1+ 39. Kf3 Rh4 40. Rd8 Rh3+ 41. Ke2 Rxg5 42. Rxg5 Kxf6 43. Rg3 1-0

[Event "Titled Tuesday intern op 02nd Apr Early"]
[Site "Chess.com INT"]
[Date "2024.04.02"]
[Round "3"]
[White "Pinheiro, Iung Alicio"]
[Black "Onischuk, Vladimir"]
[Result "0-1"]
[WhiteElo "2270"]
[BlackElo "2619"]
[PlyCount "66"]
[EventDate "2024.04.02"]
[EventType "swiss (blitz)"]
[EventRounds "11"]
[EventCountry "USA"]
[SourceTitle "CB15_2024"]
[SourceDate "2024.04.10"]
[SourceVersion "1"]
[SourceVersionDate "2024.04.10"]
[SourceQuality "1"]

1. e4 d6 2. d4 Nf6 3. Nc3 g6 4. Bg5 Bg7 5. f4 0-0 6. Nf3 c6 7. Bd3 b5 8. e5 b4 9. Ne2 Nd5 10. Qd2 Bg4 11. 0-0 Qb6 12. Kh1 Nd7 13. c4 bxc3 14. bxc3 Qa5 15. Rac1 Rab8 16. Rc2 Rfe8 17. h3 Bxf3 18. Rxf3 c5 19. f5 dxe5 20. fxg6 hxg6 21. Bc4 N7b6 22. Bxd5 Nxd5 23. dxe5 Rb1+ 24. Kh2 Bxe5+ 25. g3 e6 26. Nf4 Bxf4 27. Bxf4 Qa4 28. Be5 Qe4 29. Qe2 Re1 30. Qxe4 Rxe4 31. Bd6 c4 32. Rcf2 f5 33. g4 Rd8 0-1

[Event "Titled Tuesday intern op 27th Feb Late"]
[Site "Chess.com INT"]
[Date "2024.02.27"]
[Round "6"]
[White "Jarocka, Liwia"]
[Black "Pinheiro, Iung Alicio"]
[Result "1-0"]
[WhiteElo "2199"]
[BlackElo "2270"]
[PlyCount "137"]
[EventDate "2024.02.27"]
[EventType "swiss (blitz)"]
[EventRounds "11"]
[EventCountry "USA"]
[SourceTitle "CB10_2024"]
[SourceDate "2024.03.06"]
[SourceVersion "1"]
[SourceVersionDate "2024.03.06"]
[SourceQuality "1"]

1. e4 c5 2. Nf3 Nc6 3. d4 cxd4 4. Nxd4 e5 5. Nb5 d6 6. N1c3 a6 7. Na3 Be6 8. Nd5 Bxd5 9. exd5 Nce7 10. c4 Nf6 11. Be2 Nf5 12. 0-0 Be7 13. Nc2 h5 14. b3 h4 15. h3 Qb6 16. Bg5 Ne4 17. Bxe7 Kxe7 18. Qd3 Neg3 19. Rfe1 g6 20. Bg4 Kf6 21. Ne3 Nxe3 22. Rxe3 Nh5 23. Rf3+ Kg7 24. Bxh5 Rxh5 25. Re3 a5 26. Rae1 Qb4 27. Qc3 b6 28. Kh1 Qc5 29. f4 f6 30. fxe5 fxe5 31. Rf3 Rf8 32. Rxf8 Kxf8 33. Rf1+ Rf5 34. Rxf5+ gxf5 35. Qf3 f4 36. Qe4 Qf2 37. Qf5+ Kg8 38. Qe6+ Kg7 39. Qe7+ Kg8 40. Qd8+ Kg7 41. Qxd6 Qe1+ 42. Kh2 Qg3+ 43. Kh1 Qe1+ 44. Kh2 Qg3+ 45. Kh1 f3 46. Qd7+ Kh8 47. Qe8+ Kg7 48. Qe7+ Kg6 49. Qe6+ Kg5 50. Qg8+ Kf4 51. Qf7+ Ke3 52. Qxf3+ Qxf3 53. gxf3 Kxf3 54. d6 e4 55. d7 e3 56. d8Q e2 57. Qf6+ Ke3 58. Qxh4 Kd2 59. Qd4+ Kc2 60. Qe3 Kd1 61. h4 e1Q+ 62. Qxe1+ Kxe1 63. h5 Kd2 64. h6 Kc3 65. h7 Kb2 66. h8Q+ Kxa2 67. Qf6 Kxb3 68. Qxb6+ Kxc4 69. Qxa5 1-0

[Event "Titled Tuesday intern op 27th Feb Late"]
[Site "Chess.com INT"]
[Date "2024.02.27"]
[Round "9"]
[White "Pinheiro, Iung Alicio"]
[Black "Zhou, Qiyu"]
[Result "1-0"]
[WhiteElo "2270"]
[BlackElo "2201"]
[PlyCount "73"]
[EventDate "2024.02.27"]
[EventType "swiss (blitz)"]
[EventRounds "11"]
[EventCountry "USA"]
[SourceTitle "CB10_2024"]
[SourceDate "2024.03.06"]
[SourceVersion "1"]
[SourceVersionDate "2024.03.06"]
[SourceQuality "1"]

1. e4 e5 2. Nf3 Nc6 3. Nc3 Nf6 4. h3 Bc5 5. Nxe5 Nxe5 6. d4 Bxd4 7. Qxd4 d6 8. Be2 0-0 9. 0-0 Nc6 10. Qd3 h6 11. Qg3 Kh8 12. f4 Nd4 13. Bd3 Nh7 14. Be3 Ne6 15. Rae1 Nc5 16. Bd4 Rg8 17. Nd5 Nxd3 18. cxd3 c6 19. Ne3 f6 20. f5 Qe7 21. Ng4 Bd7 22. Nh2 Be8 23. Bc3 Ng5 24. Qh4 Nf7 25. Ng4 Kh7 26. d4 Qd8 27. Re3 Ng5 28. Qe1 Bf7 29. e5 dxe5 30. dxe5 fxe5 31. f6 g6 32. h4 Ne6 33. Nxe5 Qc7 34. Nxf7 Qxf7 35. Rxe6 Rge8 36. Re7 Rxe7 37. fxe7 1-0

[Event "Titled Tuesday intern op 13th Feb Late"]
[Site "Chess.com INT"]
[Date "2024.02.13"]
[Round "11"]
[White "Troff, Kayden W"]
[Black "Pinheiro, Iung Alicio"]
[Result "1-0"]
[WhiteElo "2487"]
[BlackElo "2270"]
[PlyCount "47"]
[EventDate "2024.02.13"]
[EventType "swiss (blitz)"]
[EventRounds "11"]
[EventCountry "USA"]
[SourceTitle "CB08_2024"]
[SourceDate "2024.02.21"]
[SourceVersion "1"]
[SourceVersionDate "2024.02.21"]
[SourceQuality "1"]

1. d4 d5 2. Nf3 e6 3. Bf4 c5 4. e3 Nf6 5. Nc3 a6 6. Ne5 Nc6 7. Be2 cxd4 8. exd4 Bb4 9. 0-0 0-0 10. Bg5 Be7 11. f4 Qb6 12. Nxc6 Qxc6 13. Kh1 b5 14. Bd3 g6 15. Qe1 Qc7 16. Qh4 Qd8 17. Rae1 b4 18. Na4 Bb7 19. f5 exf5 20. Rxe7 Qxe7 21. Bxf6 Qd6 22. Nc5 Bc6 23. Rf3 Rfe8 24. Qxh7+ 1-0

[Event "Titled Tuesday intern op 06th Feb Early"]
[Site "Chess.com INT"]
[Date "2024.02.06"]
[Round "11"]
[White "Cuenca Jimenez, Jose Fernando"]
[Black "Pinheiro, Iung Alicio"]
[Result "1-0"]
[WhiteElo "2499"]
[BlackElo "2270"]
[PlyCount "145"]
[EventDate "2024.02.06"]
[EventType "swiss (blitz)"]
[EventRounds "11"]
[EventCountry "USA"]
[SourceTitle "CB07_2024"]
[SourceDate "2024.02.14"]
[SourceVersion "1"]
[SourceVersionDate "2024.02.14"]
[SourceQuality "1"]

1. d4 Nf6 2. c4 e6 3. Nf3 c5 4. d5 exd5 5. cxd5 d6 6. Nc3 g6 7. Bf4 a6 8. a4 Bg7 9. h3 0-0 10. e3 Qe7 11. Nd2 Nbd7 12. Be2 Ne5 13. 0-0 Ne8 14. Bh2 f5 15. Re1 Rb8 16. a5 Bd7 17. Qb3 Qd8 18. f4 Nf7 19. Nc4 Nc7 20. Nb6 Na8 21. Nc4 Nc7 22. Bf3 Bb5 23. Nb6 Re8 24. Kh1 Bd7 25. e4 fxe4 26. Bxe4 Nb5 27. Nxb5 Bxb5 28. Qc2 Qh4 29. Qd2 Re7 30. Bf3 Rbe8 31. Rxe7 Qxe7 32. Bg3 Qe3 33. Rd1 Qxd2 34. Rxd2 Bd4 35. f5 gxf5 36. Bh5 Be5 37. Bxe5 Rxe5 38. Nc8 Re1+ 39. Kh2 Re5 40. Bxf7+ Kxf7 41. Nxd6+ Ke7 42. Nxb7 c4 43. Nc5 Kd6 44. Nb7+ Kc7 45. d6+ Kxb7 46. d7 Bxd7 47. Rxd7+ Kc6 48. Rxh7 Re2 49. Rh5 Rxb2 50. Rxf5 Rb5 51. Rf3 Kc5 52. g4 Kb4 53. h4 c3 54. h5 c2 55. Rf1 Kc3 56. Rc1 Rb1 57. Rxc2+ Kxc2 58. Kg3 Rb5 59. Kf4 Rxa5 60. g5 Ra1 61. h6 Rf1+ 62. Ke5 a5 63. h7 Rh1 64. g6 a4 65. g7 Rh5+ 66. Kf6 Rh6+ 67. Kg5 Rxh7 68. g8Q Rc7 69. Qa2+ Kc3 70. Qa3+ Kc4 71. Qc1+ Kb5 72. Qxc7 a3 73. Qc2 1-0

[Event "Titled Tuesday intern op 06th Feb Late"]
[Site "Chess.com INT"]
[Date "2024.02.06"]
[Round "9"]
[White "Diaz, Fernando"]
[Black "Pinheiro, Iung Alicio"]
[Result "0-1"]
[WhiteElo "2086"]
[BlackElo "2270"]
[PlyCount "108"]
[EventDate "2024.02.06"]
[EventType "swiss (blitz)"]
[EventRounds "11"]
[EventCountry "USA"]
[SourceTitle "CB07_2024"]
[SourceDate "2024.02.14"]
[SourceVersion "1"]
[SourceVersionDate "2024.02.14"]
[SourceQuality "1"]

1. e4 c5 2. d4 cxd4 3. c3 dxc3 4. Nxc3 Nc6 5. Bc4 a6 6. Nf3 d6 7. 0-0 Nf6 8. h3 e6 9. Bf4 Nh5 10. Be3 Be7 11. Qe2 0-0 12. Rfd1 b5 13. Bb3 Bb7 14. Rac1 Qb8 15. g4 Nf6 16. Bf4 Ne5 17. Nd4 b4 18. Na4 Nxe4 19. Nb6 Nc5 20. Nxa8 Bxa8 21. Rxc5 dxc5 22. Bxe5 Qb7 23. Nf3 Qxf3 24. Qxf3 Bxf3 25. Rd7 Bf6 26. Bd6 Rc8 27. Ba4 h5 28. Ra7 hxg4 29. hxg4 Bxb2 30. Bd7 Rd8 31. Be7 Ra8 32. Rc7 Bd4 33. Ba4 Bxg4 34. Bxc5 Bxc5 35. Rxc5 Bf3 36. Ra5 Bd5 37. Bb3 Bxb3 38. axb3 Rc8 39. Rxa6 Rc3 40. Ra8+ Kh7 41. Ra7 Kg6 42. Kg2 Rxb3 43. Rb7 e5 44. Kf1 Rb2 45. Ke1 b3 46. f3 f6 47. Rb4 Kf5 48. Rg4 g5 49. Rb4 Ke6 50. Kf1 Kd5 51. Ke1 Kc5 52. Ra4 Rh2 53. Kf1 b2 54. Ra5+ Kb4 0-1